Catálogo

LA LIBERTAD DE EXPRESION Y DE PRENSA COMO DERECHOS FUNDAMENTALES (Registro nro. 56922)

Detalles MARC
000 -LEADER
fixed length control field 00855nam a2200205 a 4500
001 - CONTROL NUMBER
control field 56922
005 - DATE AND TIME OF LATEST TRANSACTION
control field 20180714052919.0
008 - FIXED-LENGTH DATA ELEMENTS--GENERAL INFORMATION
fixed length control field 140415s2008 mx 000 0 spa d
020 ## - INTERNATIONAL STANDARD BOOK NUMBER
International Standard Book Number 9700773988
041 ## - LANGUAGE CODE
Language code of text/sound track or separate title spa
082 ## - DEWEY DECIMAL CLASSIFICATION NUMBER
Classification number 343.720995
Item number ORO
100 1# - MAIN ENTRY--PERSONAL NAME
Personal name OROZCO GOMEZ, JAVIER
245 13 - TITLE STATEMENT
Title LA LIBERTAD DE EXPRESION Y DE PRENSA COMO DERECHOS FUNDAMENTALES
250 ## - EDITION STATEMENT
Edition statement 1a ed.
260 ## - PUBLICATION, DISTRIBUTION, ETC.
Place of publication, distribution, etc. MEXICO :
Name of publisher, distributor, etc. PORRUA,
Date of publication, distribution, etc. 2008
300 ## - PHYSICAL DESCRIPTION
Extent 120
Dimensions 11.5 x 0.8 x 18
490 ## - SERIES STATEMENT
Series statement FINANZAS PUBLICAS
520 ## - SUMMARY, ETC.
Summary, etc. ESTA SERIE DE ENSAYOS TIENE COMO PUNTO DE PARTIDA EL DEBATE CADA VEZ MAS INTENSO DE LOS ULTIMOS AÑOS ANTE LOS INTENTOS POR ESTABLECER LEGISLACIONES QUE CONTROLEN LA ACTIVIDAD TANTO DE LOS MEDIOS IMPRESOS COMO ELECTRONICOS
650 14 - SUBJECT ADDED ENTRY--TOPICAL TERM
Topical term or geographic name entry element DERECHO DE INFORMAR
General subdivision PERIODISMO
-- MEXICO
-- ASPECTOS JURIDICOS
-- LIBERTAD DE INFORMACION
-- MEXICO
Existencias
Withdrawn status Lost status Source of classification or shelving scheme Damaged status Not for loan Collection code Home library Current library Shelving location Date acquired Source of acquisition Inventory number Total Checkouts Full call number Barcode Date last seen Date last checked out Price effective from Koha item type
    Dewey Decimal Classification     General Biblioteca Karol Wojtyla Biblioteca Karol Wojtyla Sala general 03/12/2013 Compra 151000000000000000047093   343.720995 ORO 86030 05/01/2026 13/10/2017 03/12/2013 Libro